000 00417nab a2200145Ia 4500
003 ES-SlBCS
005 20210601135704.0
008 140529s1996 xxu||||| |||| 00| 0 spa d
041 _aspa
100 1 _aAlberigo, Giuseppe
_91526
245 0 0 _a¿Hacia un futuro común?
_c Giuseppe Alberigo
650 0 4 _aEcumenismo-Futuro Común
_9235389
773 0 _tConcilium
_gnº. 268, 1996, págs. 181-198
_wRev134
942 _cAR
999 _c632302
_d632302